Movies Cut Off at P Quiz Stats

 Plays Quiz Updated Jul 29, 2016

Challenge
Share
Tweet
Embed
Score 0/30 Timer 06:00
3 Plays Today
Cut Off at P Movie Title % Correct
Interview with the VamInterview with the Vampire: The Vampire Chronicles
92.5%
Crazy, StuCrazy, Stupid, Love.
92.4%
InceInception
92.3%
Kung FuKung Fu Panda
91.9%
HairsHairspray
91.4%
The Usual SusThe Usual Suspects
89.3%
Snakes on a Snakes on a Plane
88.8%
CasCasper
88.5%
The King's SThe King's Speech
88%
SavingSaving Private Ryan
87.4%
David CoDavid Copperfield
86.4%
Midnight inMidnight in Paris
84.9%
Minority ReMinority Report
84.9%
Silver Linings Silver Linings Playbook
84.6%
Straight Outta ComStraight Outta Compton
83%
Cut Off at P Movie Title % Correct
Midnight ExMidnight Express
79.3%
Little ShoLittle Shop of Horrors
78.7%
ShamShampoo
75.3%
It's ComIt's Complicated
74.2%
Cedar RaCedar Rapids
71.3%
WatershiWatership Down
70.2%
What's UWhat's Up, Doc?
57%
InnersInnerspace
56.7%
This Is SThis Is Spinal Tap
54.3%
Five EasyFive Easy Pieces
53.8%
Bringing UBringing Up Baby
52.3%
GrosseGrosse Pointe Blank
52.1%
Hot Shots!Hot Shots! Part Deux
50.9%
GalliGallipoli
48.3%
The Last TemThe Last Temptation of Christ
48%

You're not logged in!

Compare scores with friends on all Sporcle quizzes.
Join for Free
OR
Log In

You Might Also Like...

Show Comments

Extras

Top Quizzes Today


Score Distribution

Your Account Isn't Verified!

In order to create a playlist on Sporcle, you need to verify the email address you used during registration. Go to your Sporcle Settings to finish the process.

Report this User

Report this user for behavior that violates our Community Guidelines.

Details: